| 000 | 00992nam a2200265 i 4500 | ||
|---|---|---|---|
| 001 | 172483 | ||
| 003 | ES-MaACL | ||
| 005 | 20250811030301.0 | ||
| 008 | 090709s1992 fr |||| | fre d | ||
| 020 | _a2-13-044836-4 | ||
| 080 | _a343.431(729.3/.4)"17" | ||
| 100 | 1 |
_aSala-Molins, Lluís, _d1935- _eaut _9162987 |
|
| 245 | 1 | 2 |
_aL'Afrique aux Amériques : _ble Code Noir espagnol / _cLouis Sala-Molins |
| 250 | _a1é ed. | ||
| 260 |
_aParis : _bPresses Universitaires de France, _c1992 |
||
| 300 |
_a184 páginas ; _c22 cm |
||
| 490 | 1 |
_aPratiques théoriques _x0753-6216 _9185675 |
|
| 650 | 7 |
_aEsclavitud- _xDerecho y legislación- _zAmérica española _9141002 |
|
| 710 | 1 |
_aEspaña. _tCódigo negro, 1784 _9162986 |
|
| 830 | 0 |
_aPratiques théoriques _9185675 |
|
| 852 |
_aES-MaACL _cDEPO2 _fBiblioteca Jacinto Martínez Lacalle _hDonativo Jacinto Martínez Lacalle _jE-12797 |
||
| 942 |
_2udc _cMONOGRAFIA _n0 |
||
| 999 |
_c172483 _d172483 |
||